Breaking Bad Characters Quiz Stats

 Plays Quiz Updated Jan 18, 2019

Score 0/35 Timer 04:00
1 Play Today
% Correct
Walter White
99.2%
Walter White Jr.
94.6%
Hank Schrader
92.7%
Skyler White
91.6%
Saul Goodman
91.5%
Jesse Pinkman
90.6%
Gustavo Fring
89.6%
Mike Ehrmantraut
86.4%
Marie Schrader
81.1%
Badger
77%
Tuco Salamanca
72.2%
Skinny Pete
72.1%
Holly White
67.4%
Todd Alquist
66.7%
Steven Gomez
65.5%
Ted Beneke
64.2%
Héctor Salamanca
63.4%
Gale Boetticher
61.8%
% Correct
Jane Margolis
58.9%
Brock
53.4%
Lydia Rodarte-Quayle
52.7%
Christian 'Combo' Ortega
51.7%
Domingo 'Krazy 8' Molina
48.6%
Jack Welker
43.8%
Wendy
41.6%
Huell Babineaux
40.7%
Tortuga
40%
Andrea Cantillo
33.5%
Victor
31.9%
Gretchen Schwartz
31.2%
Bogdan
28%
Tyrus Kitt
24.5%
Declan
19%
Patrick Kuby
15.6%
Donald Margolis
13.5%

You're not logged in!

Compare scores with friends on all Sporcle quizzes.
OR
Log In

You Might Also Like...

Show Comments

Extras

Top Quizzes Today


Score Distribution

Your Account Isn't Verified!

In order to create a playlist on Sporcle, you need to verify the email address you used during registration. Go to your Sporcle Settings to finish the process.

Report this User

Report this user for behavior that violates our Community Guidelines.

Details: